Searching behavior patterns in insects (Registro nro. 13870)

Detalles MARC
000 -CABECERA
Campo de control 002800000a22001090004500
090 ## - CLASIFICACIÓN LOCAL
Colección AR
Consecutivo 04770
041 0# - IDIOMA
Código de idioma para texto/pista de sonido o título separado
100 1# - ASIENTO PRINCIPAL--NOMBRE PERSONAL
Nombre personal Bell, William J.
245 10 - MENCION DE TITULO
Título Searching behavior patterns in insects
773 1# - Item fuente:
Título Annu. Rev. Entomol.
Paginas del Articulo 447-467
Lugar, editorial y fecha de publicación 1990
Información sobre la relación 35
942 ## - ELEMENTOS ADICIONALES (KOHA)
Tipo de ítem Artículo
Existencias
Withdrawn status Lost status Damaged status No para préstamo Colección Ubicación Permanente Ubicación actual Fecha de adquisición Fuente de Valor Datos de publicación Seriada Total Checkouts Número topográfico Inventario / Código de Barras Date last seen Ejemplar Price effective from Forma de adquisición Tipo de material
      No para Préstamo Hemeroteca Bogotá Bogotá 11/06/2010 Escobar Sarria, Federico Fuera de circulación   AR 04770 028137 25/03/2015 1 25/03/2015   Artículo